[Event "BCF-chT3 0910 (4NCL)"]
[Site "England"]
[Date "2009.10.24"]
[Round "1.6"]
[White "Swain, William"]
[Black "Vikanis, Georgs"]
[Result "0-1"]
[WhiteElo "978"]
[BlackElo "1930"]
[PlyCount "58"]
[EventDate "2009.10.24"]
[EventType "team-tourn"]
[EventRounds "11"]
[EventCountry "ENG"]
[SourceTitle "EXT 2011"]
[Source "ChessBase"]
[SourceDate "2010.11.26"]
[SourceVersion "1"]
[SourceVersionDate "2010.11.26"]
[SourceQuality "1"]
[WhiteTeam "Southern Counties Stars"]
[BlackTeam "Oxford II"]
[WhiteTeamCountry "ENG"]
[BlackTeamCountry "ENG"]

1. e4 Nf6 2. Nc3 d5 3. d3 dxe4 4. dxe4 Qxd1+ 5. Nxd1 Nxe4 6. Bc4 Nc6 7. Bf4 e5 8. Bg5 Nxg5 9. Ne3 Bd6 10. Ne2 Be6 11. Bd3 0-0-0 12. 0-0 e4 13. Bc4 Bxc4 14. Nxc4 f5 15. Rad1 Ne5 16. Nxd6+ Rxd6 17. Rxd6 cxd6 18. f4 exf3 19. gxf3 Nexf3+ 20. Kg2 Re8 21. Nc3 h6 22. Rf2 Nh4+ 23. Kg3 Re3+ 24. Kf4 Ng2+ 25. Kxf5 Nh4+ 26. Kg4 Ng6 27. Kh5 Ne5 28. h4 Ngf7 29. Nd5 g6# 0-1